| 000 | 01049 a2200469 4500 | ||
|---|---|---|---|
| 000 | BKB | ||
| 001 | 135664 | ||
| 005 | 20200902152858.0 | ||
| 008 | |||
| 010 | _a | ||
| 020 | _a9788131605158 | ||
| 082 |
_a820.9891411 _bI2I |
||
| 100 | _aIndian diaspora and transnationalism | ||
| 110 | _a | ||
| 245 | 1 |
_aIndian diaspora and transnationalism _cedited by Ajaya Kumar Sahoo, Michiel Baas and Thomas Faist |
|
| 250 | _a | ||
| 260 |
_aJaipur _bRawat Publications _c2012 |
||
| 300 | _a442p. | ||
| 490 |
_a _v |
||
| 500 | _a | ||
| 600 | _a | ||
| 610 | _a | ||
| 611 | _a | ||
| 630 | _a | ||
| 650 | _a | ||
| 651 | _a | ||
| 654 | _a | ||
| 690 | _aTransnationalism; East Indian diaspora | ||
| 700 |
_aSahoo, Ajaya Kumar ed. _b _c |
||
| 700 | _aBaas, Michiel ed. | ||
| 700 | _aFaist, Thomas ed. | ||
| 710 |
_a _b _c |
||
| 711 | _a | ||
| 720 | _a | ||
| 730 | _a | ||
| 740 | _a | ||
| 752 | _a | ||
| 856 |
_a _d _f |
||
| 904 | _a | ||
| 964 |
_a _b _c _d _e _f _g |
||
| 965 | _a | ||
| 999 |
_c8969 _d8969 |
||